| 000 | 00817nam a2200265 i 4500 | ||
|---|---|---|---|
| 001 | bg | ||
| 100 | 1 | _aWIĘCKIEWICZ, Wojciech | |
| 245 | 1 | 0 |
_aPodstawy pływalności i stateczności statków handlowych / _cWojciech Więckiewicz. |
| 260 |
_aGdynia : _bWydawnictwo Akademii Morskiej, _c2006. |
||
| 300 |
_a194 s. : _brys., wykr. ; _c24 cm. |
||
| 490 | 1 | _aBudowa i stateczność statku : zeszyt tematyczny | |
| 504 | _aBibliogr. | ||
| 650 | 9 | _aHydrodynamika | |
| 650 | 9 | _aHydrostatyka | |
| 650 | 9 |
_aStatki _xmechanika |
|
| 655 | _aPodręczniki akademickie | ||
| 830 | _aBudowa i stateczność statku : zeszyt tematyczny | ||
| 020 | _a8374210362 | ||
| 040 | _cBPK | ||
| 041 | 0 | _apol | |
| 080 | _a629.5:532](075.8) | ||
| 920 | _a83-7421-036-2 | ||
| 942 | _cKS | ||
| 008 | s pl f |000 0 pol | ||
| 999 |
_c53267 _d53267 |
||
| 856 |
_uhttp://koha.tu.koszalin.pl/cgi-bin/koha/opac-detail.pl?biblionumber=53267 _yKatalog online BPK |
||